[Event "US Masters op"]
[Site "Greensboro"]
[Date "2019.08.22"]
[Round "3"]
[White "Bereolos, Peter"]
[Black "Yan, Benjamin"]
[Result "0-1"]
[WhiteElo "2178"]
[BlackElo "1952"]
[PlyCount "58"]
[EventDate "2019.08.21"]
[EventType "swiss"]
[EventRounds "9"]
[EventCountry "USA"]
[SourceTitle "EXT 2020"]
[Source "ChessBase"]
[SourceDate "2019.10.17"]
[SourceVersion "1"]
[SourceVersionDate "2019.10.17"]
[SourceQuality "1"]

1. d4 Nf6 2. c4 g6 3. Nc3 Bg7 4. e4 d6 5. f4 0-0 6. Nf3 c5 7. d5 e6 8. Be2 exd5 9. cxd5 Re8 10. e5 dxe5 11. fxe5 Ng4 12. e6 fxe6 13. d6 Qb6 14. Ng5 Ne5 15. 0-0 c4+ 16. Kh1 Nbd7 17. Nge4 Qc6 18. Bg5 b5 19. Nf6+ Nxf6 20. Bxf6 Bb7 21. Bf3 Nxf3 22. Bxg7 Nh4 23. Nd5 Qxd5 24. Qxd5 Bxd5 25. d7 Reb8 26. Bf6 Bxg2+ 27. Kg1 Bxf1 28. Rxf1 Nf5 29. Rd1 Rd8 0-1

[Event "US Masters op"]
[Site "Greensboro"]
[Date "2019.08.21"]
[Round "1"]
[White "Bereolos, Peter"]
[Black "Brown, Michael William"]
[Result "1/2-1/2"]
[WhiteElo "2178"]
[BlackElo "2529"]
[PlyCount "192"]
[EventDate "2019.08.21"]
[EventType "swiss"]
[EventRounds "9"]
[EventCountry "USA"]
[SourceTitle "EXT 2020"]
[Source "ChessBase"]
[SourceDate "2019.10.17"]
[SourceVersion "1"]
[SourceVersionDate "2019.10.17"]
[SourceQuality "1"]

1. d4 Nf6 2. c4 e6 3. Nc3 Bb4 4. g3 d5 5. Bg2 0-0 6. Nf3 dxc4 7. 0-0 Nc6 8. Bg5 Rb8 9. Rc1 b5 10. Ne4 Be7 11. Nxf6+ Bxf6 12. Bxf6 Qxf6 13. b3 Ba6 14. e3 e5 15. Nd2 exd4 16. Ne4 Qe7 17. exd4 Rfd8 18. d5 Nb4 19. bxc4 bxc4 20. Nc3 c6 21. Qa4 cxd5 22. Nxd5 Qd6 23. Ne3 Nd3 24. Rc2 Rb4 25. Qa5 g6 26. Rd1 Rdb8 27. h4 Rb2 28. Rdd2 Rb1+ 29. Kh2 R1b4 30. Qd5 Qxd5 31. Nxd5 Ra4 32. Re2 Bb7 33. Nf6+ Kg7 34. Nd7 Bxg2 35. Nxb8 Bd5 36. Nd7 Rb4 37. Ne5 Rb1 38. f3 h5 39. Rc3 Ra1 40. a3 Kh6 41. Kg2 Nc5 42. Nxc4 Na4 43. Rcc2 Nb6 44. Ne3 Rxa3 45. Nxd5 Nxd5 46. Ra2 Rb3 47. Rxa7 Kg7 48. Kf2 Rb8 49. Rd2 Rb5 50. Rd7 Nf6 51. R7d4 Ng8 52. g4 hxg4 53. fxg4 Nh6 54. Kg3 Rb1 55. Rd1 Rb3+ 56. R1d3 Rb1 57. Ra4 Rg1+ 58. Kf3 Rh1 59. Rdd4 Kh7 60. Kg3 Kg7 61. Kg2 Rb1 62. Rd8 Rb2+ 63. Kf3 Rb3+ 64. Kf2 Rb2+ 65. Kf3 Rb3+ 66. Ke2 Rb2+ 67. Kd3 Rb3+ 68. Kd2 Rb7 69. Re8 Ng8 70. g5 Ne7 71. Raa8 f6 72. Reb8 Rd7+ 73. Ke2 fxg5 74. hxg5 Kf7 75. Rb5 Nc6 76. Rc5 Nd4+ 77. Ke3 Nf5+ 78. Kf4 Nd4 79. Ke4 Ne6 80. Rca5 Ke7 81. R5a6 Kf7 82. R8a7 Nxg5+ 83. Ke5 Ke7 84. Rxd7+ Kxd7 85. Ra7+ Kc6 86. Rg7 Nf3+ 87. Ke4 Ng5+ 88. Kd3 Ne6 89. Rxg6 Kd5 90. Rh6 Nf4+ 91. Ke3 Ke5 92. Rh8 Nd5+ 93. Kf3 Nf6 94. Ra8 Nd5 95. Ra5 Kd4 96. Rxd5+ Kxd5 1/2-1/2

[Event "US Masters op"]
[Site "Greensboro"]
[Date "2018.08.19"]
[Round "5"]
[White "Arjun, Vishnuvardhan"]
[Black "Bereolos, Peter"]
[Result "1/2-1/2"]
[WhiteElo "2224"]
[BlackElo "2146"]
[PlyCount "57"]
[EventDate "2018.08.17"]
[EventType "swiss"]
[EventRounds "9"]
[EventCountry "USA"]
[SourceTitle "CBM 186 Extra"]
[Source "ChessBase"]
[SourceDate "2018.08.24"]
[SourceVersion "1"]
[SourceVersionDate "2018.08.24"]
[SourceQuality "1"]

1. e4 e5 2. Nf3 Nc6 3. Bb5 a6 4. Ba4 Nf6 5. d3 b5 6. Bb3 Be7 7. a4 Bb7 8. Nc3 b4 9. Nd5 Nxd5 10. Bxd5 d6 11. Ng5 Bxg5 12. Qh5 g6 13. Qxg5 Qxg5 14. Bxg5 Na5 15. Bxb7 Nxb7 16. f4 exf4 17. 0-0 Nc5 18. Bf6 Rf8 19. Rxf4 Nd7 20. e5 dxe5 21. Re1 Nxf6 22. Rxe5+ Kd8 23. Rxf6 Re8 24. d4 Rxe5 25. dxe5 Ke7 26. Kf2 Rd8 27. Ke3 Rd5 28. Rxa6 Rxe5+ 29. Kd3 1/2-1/2

[Event "US Open-117"]
[Site "Indianapolis"]
[Date "2016.08.06"]
[Round "8"]
[White "Bereolos, Peter"]
[Black "Karp, Eli M"]
[Result "1-0"]
[WhiteElo "2201"]
[BlackElo "1713"]
[PlyCount "99"]
[EventDate "2016.07.30"]
[EventType "swiss"]
[EventRounds "9"]
[EventCountry "USA"]
[SourceTitle "CBM 173 Extra"]
[Source "ChessBase"]
[SourceDate "2016.08.29"]
[SourceVersion "1"]
[SourceVersionDate "2016.08.29"]
[SourceQuality "1"]

1. d4 Nf6 2. c4 e6 3. g3 c5 4. d5 exd5 5. cxd5 d6 6. Nc3 g6 7. Nf3 Bg7 8. Bg2 0-0 9. 0-0 Na6 10. Nd2 Ng4 11. h3 Ne5 12. f4 Nd7 13. e4 f5 14. Nf3 fxe4 15. Nxe4 Nf6 16. Nfg5 Nc7 17. Re1 Nxe4 18. Bxe4 Bf5 19. Bxf5 Rxf5 20. Ne6 Nxe6 21. Rxe6 Qd7 22. Qb3 b5 23. g4 Rff8 24. Bd2 Bd4+ 25. Kh2 Rae8 26. Rae1 c4 27. Qc2 Rxe6 28. dxe6 Qe7 29. Bc1 g5 30. Qe4 Bf6 31. f5 Rc8 32. Re2 Kg7 33. Be3 Be5+ 34. Kg2 Re8 35. Bd4 Qf6 36. Bxe5 dxe5 37. Qxe5 b4 38. Qc7+ Re7 39. Qxc4 a5 40. Qd5 a4 41. Qe5 a3 42. Qxf6+ Kxf6 43. bxa3 bxa3 44. Re3 Ra7 45. e7 Rxe7 46. Rxe7 Kxe7 47. Kf3 h5 48. gxh5 Kf7 49. Kg4 Kf6 50. h6 1-0

[Event "US Open-117"]
[Site "Indianapolis"]
[Date "2016.08.03"]
[Round "5"]
[White "Bereolos, Peter"]
[Black "Fishbein, Alexander"]
[Result "0-1"]
[WhiteElo "2201"]
[BlackElo "2481"]
[PlyCount "100"]
[EventDate "2016.07.30"]
[EventType "swiss"]
[EventRounds "9"]
[EventCountry "USA"]
[SourceTitle "CBM 173 Extra"]
[Source "ChessBase"]
[SourceDate "2016.08.29"]
[SourceVersion "1"]
[SourceVersionDate "2016.08.29"]
[SourceQuality "1"]

1. d4 Nf6 2. c4 g6 3. Nc3 Bg7 4. e4 d6 5. f4 0-0 6. Nf3 c5 7. d5 e6 8. dxe6 fxe6 9. Bd3 Nc6 10. 0-0 a6 11. Ng5 Nd4 12. e5 dxe5 13. fxe5 Nd7 14. Rxf8+ Nxf8 15. Qf1 Nc6 16. Nf7 Qd4+ 17. Kh1 Nxe5 18. Nxe5 Qxe5 19. Bf4 Qf6 20. Ne4 Qf7 21. Bd6 Qxf1+ 22. Rxf1 b6 23. Bxf8 Bxf8 24. Nf6+ Kg7 25. Ne8+ Kg8 26. Nf6+ Kg7 27. Ne8+ Kh6 28. Rf7 e5 29. Nf6 Be6 30. Rxh7+ Kg5 31. Ne4+ Kf4 32. g3+ Ke3 33. Ng5 Kxd3 34. Nxe6 Re8 35. Rd7+ Kxc4 36. Nc7 Rb8 37. b3+ Kc3 38. Nxa6 Ra8 39. Nc7 Rxa2 40. Nd5+ Kxb3 41. Rb7 b5 42. Rxb5+ Kc4 43. Rb8 Kxd5 44. Rxf8 c4 45. Rd8+ Ke4 46. Rc8 Kd3 47. Rd8+ Ke3 48. Rc8 Rc2 49. Rc6 c3 50. Rxg6 Rd2 0-1

[Event "Land of the Sky op"]
[Site "Asheville"]
[Date "2016.01.31"]
[Round "5"]
[White "Bereolos, Peter"]
[Black "Moradiabadi, Elshan"]
[Result "0-1"]
[WhiteElo "2220"]
[BlackElo "2597"]
[PlyCount "104"]
[EventDate "2016.01.29"]
[EventType "swiss"]
[EventRounds "5"]
[EventCountry "USA"]
[SourceTitle "CBM 170 Extra"]
[Source "ChessBase"]
[SourceDate "2016.02.25"]
[SourceVersion "1"]
[SourceVersionDate "2016.02.25"]
[SourceQuality "1"]

1. d4 Nf6 2. c4 e6 3. g3 c5 4. d5 exd5 5. cxd5 d6 6. Nc3 g6 7. Bg2 Bg7 8. Nf3 0-0 9. 0-0 Bg4 10. Nd2 Qd7 11. a4 Bh3 12. e4 Bxg2 13. Kxg2 Qe7 14. Re1 Nbd7 15. Nc4 Nb6 16. Nxb6 axb6 17. f3 Ne8 18. Bf4 Bxc3 19. bxc3 f6 20. c4 Ra6 21. Bd2 Ng7 22. Bc3 Qf7 23. Qd2 Rfa8 24. a5 bxa5 25. Rxa5 Rxa5 26. Bxa5 Qd7 27. Ra1 b5 28. cxb5 Qxb5 29. Bc3 Rxa1 30. Bxa1 Ne8 31. f4 Qa4 32. Qe1 Qa2+ 33. Kg1 Kf7 34. Bc3 Nc7 35. Qa1 Qxa1+ 36. Bxa1 f5 37. e5 Nxd5 38. exd6 Ke6 39. Be5 Nb6 40. Kf2 Nc4 41. d7 Kxd7 42. Bg7 Ke6 43. Ke2 Kd5 44. Kd3 Nd6 45. Bf6 Ne4 46. Bg7 Kc6 47. Kc4 Nd6+ 48. Kc3 Kb5 49. Bf8 Ne4+ 50. Kd3 Kb4 51. Kc2 Kc4 52. Bg7 Nf2 0-1

[Event "Kings Island op 22nd"]
[Site "Mason"]
[Date "2013.11.17"]
[Round "5"]
[White "Boor, Carl Brandon"]
[Black "Bereolos, Peter"]
[Result "0-1"]
[WhiteElo "2368"]
[BlackElo "2268"]
[PlyCount "70"]
[EventDate "2013.11.15"]
[EventType "swiss"]
[EventRounds "5"]
[EventCountry "USA"]
[SourceTitle "EXT 2018"]
[Source "ChessBase"]
[SourceDate "2017.10.13"]
[SourceVersion "1"]
[SourceVersionDate "2017.10.13"]
[SourceQuality "1"]

1. d4 Nf6 2. Bg5 e6 3. e4 h6 4. Bxf6 Qxf6 5. Nc3 Bb4 6. Qd2 d6 7. Nf3 c6 8. e5 Qd8 9. a3 Qa5 10. exd6 Bxd6 11. Bd3 Nd7 12. 0-0 0-0 13. b4 Qc7 14. Ne4 Be7 15. c4 e5 16. Ng3 exd4 17. Nf5 Ne5 18. Nxe5 Bxf5 19. Nxc6 Bg5 20. f4 Bxd3 21. Qxd3 Bxf4 22. Ne7+ Kh8 23. Nd5 Bxh2+ 24. Kh1 Qd6 25. Rf5 Be5 26. Qf3 f6 27. c5 Qd7 28. Re1 Rfd8 29. Rexe5 fxe5 30. Rxe5 Re8 31. Rf5 Rad8 32. b5 Qe6 33. Qh5 d3 34. Nf6 d2 35. Qg6 Qe1+ 0-1

[Event "Kings Island op 20th"]
[Site "Mason"]
[Date "2011.11.12"]
[Round "3"]
[White "Ivanov, Alexander"]
[Black "Bereolos, Peter"]
[Result "1-0"]
[WhiteElo "2512"]
[BlackElo "2320"]
[PlyCount "97"]
[EventDate "2011.11.11"]
[EventType "swiss"]
[EventRounds "5"]
[EventCountry "USA"]
[SourceTitle "EXT 2018"]
[Source "ChessBase"]
[SourceDate "2017.10.13"]
[SourceVersion "1"]
[SourceVersionDate "2017.10.13"]
[SourceQuality "1"]

1. e4 e5 2. Nf3 Nc6 3. Bb5 a6 4. Ba4 Nf6 5. 0-0 Be7 6. Re1 b5 7. Bb3 d6 8. c3 0-0 9. h3 Na5 10. Bc2 c5 11. d4 Nd7 12. Kh1 Bb7 13. d5 Nc4 14. b3 Ncb6 15. Nbd2 f5 16. c4 f4 17. cxb5 axb5 18. Bd3 b4 19. a4 Ra5 20. Bb2 Bf6 21. Rc1 Rf7 22. Nh2 g6 23. Qe2 Bc8 24. Ndf3 Qe7 25. Rcd1 h5 26. g3 g5 27. gxf4 gxf4 28. Rg1+ Kh8 29. h4 Bxh4 30. Rg6 Bf6 31. Rdg1 Rg7 32. Nh4 Nf8 33. Qxh5+ Kg8 34. Rxg7+ Bxg7 35. Ng4 Bxg4 36. Rxg4 Ra7 37. Nf5 Qf6 38. Nh6+ Kh7 39. Nf5+ Kg8 40. Bb5 Nc8 41. Be8 Nh7 42. Bf7+ Rxf7 43. Nh6+ Kf8 44. Nxf7 Qxf7 45. Qxh7 Ne7 46. a5 Nc8 47. a6 Bf6 48. Qf5 Ne7 49. a7 1-0

[Event "US Masters op"]
[Site "Hendersonville"]
[Date "2010.03.14"]
[Round "4"]
[White "Pupols, Viktors"]
[Black "Bereolos, Peter"]
[Result "0-1"]
[WhiteElo "2197"]
[BlackElo "2318"]
[PlyCount "120"]
[EventDate "2010.03.13"]
[EventType "swiss"]
[EventRounds "9"]
[EventCountry "USA"]
[SourceTitle "EXT 2014"]
[Source "ChessBase"]
[SourceDate "2013.11.20"]
[SourceVersion "1"]
[SourceVersionDate "2013.11.20"]
[SourceQuality "1"]

1. d4 Nf6 2. c4 g6 3. Nc3 Bg7 4. e4 d6 5. Be2 0-0 6. Nf3 e5 7. 0-0 Nbd7 8. Re1 c6 9. Rb1 a5 10. Bf1 exd4 11. Nxd4 Nc5 12. f3 Nfd7 13. Bf4 Ne5 14. Qd2 Ne6 15. Nxe6 Bxe6 16. b3 Qc7 17. Rbd1 Rfd8 18. Qc1 Rd7 19. Na4 b6 20. Nc3 Qd8 21. Bg5 f6 22. Be3 Rb8 23. Ne2 Bf7 24. Nd4 Rc7 25. Rd2 Bf8 26. Qd1 Qc8 27. Qe2 d5 28. cxd5 Bb4 29. d6 Bxd2 30. Bxd2 Rd7 31. f4 Rxd6 32. fxe5 Rxd4 33. exf6 Qf8 34. Bc3 Rd7 35. Qe3 Qc5 36. Qxc5 bxc5 37. e5 Be6 38. Re4 Rd1 39. Kf2 Rc1 40. Bc4 Kf7 41. Bxe6+ Kxe6 42. Rc4 Kd5 43. e6 Kxe6 44. Re4+ Kd5 45. Re5+ Kd6 46. Re3 Rc2+ 47. Kg3 Rb7 48. a4 Rf7 49. Rd3+ Ke6 50. Re3+ Kd5 51. Rd3+ Ke4 52. Rf3 g5 53. Bxa5 h5 54. h3 c4 55. Bd8 c3 56. Be7 h4+ 57. Kh2 Kd4 58. a5 Ra2 59. b4 c2 60. Bc5+ Kc4 0-1

[Event "USA tt"]
[Site "ICC INT"]
[Date "2009.10.19"]
[Round "8"]
[White "Bereolos, Peter"]
[Black "Readey, John"]
[Result "1/2-1/2"]
[WhiteElo "2328"]
[BlackElo "2277"]
[PlyCount "137"]
[EventDate "2009.08.31"]
[EventType "team (rapid)"]
[EventRounds "10"]
[EventCountry "USA"]
[SourceTitle "CBM 132 Extra"]
[Source "ChessBase"]
[SourceDate "2009.11.03"]
[SourceVersion "1"]
[SourceVersionDate "2009.11.03"]
[SourceQuality "1"]

1. d4 d6 2. c4 e5 3. Nf3 e4 4. Ng5 f5 5. g3 Be7 6. h4 Nf6 7. Nc3 c6 8. Nh3 Na6 9. Bg5 Nc7 10. e3 0-0 11. Be2 Rb8 12. Nf4 Nfe8 13. Bxe7 Qxe7 14. Qc2 Nf6 15. 0-0-0 Bd7 16. Kb1 Be8 17. Ka1 Bf7 18. Rc1 Rfc8 19. Qd1 d5 20. c5 b6 21. Na4 b5 22. Nc3 Qd7 23. Rg1 Ng4 24. Qe1 Ne8 25. Nd1 Nef6 26. Qa5 Qc7 27. Qxc7 Rxc7 28. Rh1 g6 29. Kb1 Re7 30. Kc2 Kg7 31. Kd2 Ree8 32. Rc3 a5 33. Rc1 h6 34. Ke1 Rh8 35. Kf1 g5 36. Ng2 Bh5 37. Rc2 Rbf8 38. Ke1 Ne8 39. a4 b4 40. b3 Nc7 41. Rd2 Ne6 42. Kf1 f4 43. hxg5 hxg5 44. gxf4 gxf4 45. Nxf4 Nxf4 46. exf4 Rxf4 47. Bxg4 Bxg4 48. Rxh8 Kxh8 49. Ne3 Bf3 50. Rb2 Kg7 51. Ke1 Bh5 52. Rb1 Kf6 53. Rc1 Kg5 54. Rc2 Rh4 55. Rc1 Rh2 56. Nf1 Rh3 57. Ne3 Kf4 58. Kd2 Rh2 59. Rf1 Kf3 60. Nc2 Rxf2+ 61. Rxf2+ Kxf2 62. Ne3 Be2 63. Nf5 Bd3 64. Ne3 Bb1 65. Ng4+ Kg3 66. Ne5 Kf2 67. Ng4+ Kg3 68. Ne5 Kf2 69. Ng4+ 1/2-1/2

[Event "USA tt"]
[Site "ICC INT"]
[Date "2008.09.08"]
[Round "3"]
[White "Young, Angelo"]
[Black "Bereolos, Peter"]
[Result "1-0"]
[WhiteElo "2367"]
[BlackElo "2314"]
[PlyCount "61"]
[EventDate "2008.10.22"]
[EventType "team-tourn"]
[EventRounds "10"]
[EventCountry "USA"]
[SourceTitle "CBM 126 Extra"]
[Source "ChessBase"]
[SourceDate "2008.11.05"]
[SourceVersion "1"]
[SourceVersionDate "2008.11.05"]
[SourceQuality "1"]

1. d4 Nf6 2. Nf3 g6 3. g3 Bg7 4. Bg2 0-0 5. c4 d6 6. 0-0 Nbd7 7. Nc3 e5 8. e3 c6 9. Qc2 Qe7 10. b3 Ne8 11. Ba3 f5 12. dxe5 Nxe5 13. Nd4 Bd7 14. Rad1 Rd8 15. Rfe1 Bc8 16. f4 Nf7 17. e4 fxe4 18. Nxe4 Qc7 19. Kh1 Qa5 20. Bb2 Nc7 21. Bc3 Qh5 22. Nxc6 bxc6 23. Bxg7 Kxg7 24. Qc3+ Kh6 25. Nf6 Qc5 26. g4 g5 27. Ne4 Bxg4 28. Qf6+ Kh5 29. Nxc5 Bxd1 30. Rxd1 Nd5 31. Bxd5 1-0

[Event "USA tt"]
[Site "ICC INT"]
[Date "2008.09.03"]
[Round "2"]
[White "Mikhailuk, Slava"]
[Black "Bereolos, Peter"]
[Result "0-1"]
[WhiteElo "2436"]
[BlackElo "2314"]
[PlyCount "88"]
[EventDate "2008.10.22"]
[EventType "team-tourn"]
[EventRounds "10"]
[EventCountry "USA"]
[SourceTitle "CBM 126 Extra"]
[Source "ChessBase"]
[SourceDate "2008.11.05"]
[SourceVersion "1"]
[SourceVersionDate "2008.11.05"]
[SourceQuality "1"]

1. c4 g6 2. Nc3 Bg7 3. g3 e5 4. Bg2 d6 5. d3 Nc6 6. Rb1 a5 7. a3 Nf6 8. b4 axb4 9. axb4 0-0 10. b5 Ne7 11. Nf3 h6 12. 0-0 Be6 13. Bb2 Qd7 14. Ra1 Bh3 15. e4 Bxg2 16. Kxg2 Nh5 17. Rxa8 Rxa8 18. Ne1 f5 19. f3 c6 20. Nc2 d5 21. Nb4 d4 22. Na4 Nc8 23. Qb3 Bf8 24. Ra1 fxe4 25. dxe4 Qe8 26. Rc1 c5 27. Nd5 Qd8 28. b6 Nf6 29. Ba3 Nd7 30. Qb5 Kh8 31. Rb1 Nd6 32. Qb3 Rc8 33. Nb2 Rc6 34. Nd3 Nc8 35. Qb5 Ncxb6 36. Qa5 Be7 37. Nxe7 Qxe7 38. Nxc5 Nxc4 39. Qa8+ Qf8 40. Qxb7 Ne3+ 41. Kf2 Rf6 42. Nxd7 Rxf3+ 43. Ke2 Rf2+ 44. Kd3 Rd2+ 0-1

[Event "USA tt"]
[Site "ICC INT"]
[Date "2007.08.29"]
[Round "1"]
[White "Stopa, Jacek"]
[Black "Bereolos, Peter"]
[Result "1-0"]
[WhiteElo "2400"]
[BlackElo "2311"]
[PlyCount "105"]
[EventDate "2007.08.29"]
[EventType "team-tourn"]
[EventRounds "10"]
[EventCountry "USA"]
[SourceTitle "CBM 120 Extra"]
[Source "ChessBase"]
[SourceDate "2007.11.01"]
[SourceVersion "1"]
[SourceVersionDate "2007.11.01"]
[SourceQuality "1"]

1. Nc3 Nf6 2. d4 g6 3. e4 d6 4. Nf3 Bg7 5. h3 c6 6. a4 Qc7 7. Be2 e5 8. 0-0 0-0 9. Re1 Nbd7 10. Bf1 b6 11. b3 Bb7 12. Ba3 exd4 13. Nxd4 a6 14. Nde2 c5 15. f3 Rad8 16. Qd2 Bc6 17. Rad1 Ne5 18. f4 Ned7 19. Qxd6 Qxd6 20. Rxd6 Bxe4 21. Nxe4 Nxe4 22. Rc6 Nd2 23. Bc1 Nxf1 24. Kxf1 Rfe8 25. Rd1 Nf6 26. Rxd8 Rxd8 27. Ke1 Nd5 28. Bd2 a5 29. c4 Nb4 30. Bxb4 axb4 31. Rxb6 Bc3+ 32. Kf2 Rd2 33. a5 Ra2 34. a6 Kg7 35. Ke3 Be1 36. Rc6 Ra3 37. Nc1 Ra1 38. Nd3 Bc3 39. Nxc5 Re1+ 40. Kf2 Re7 41. Kf3 Bd4 42. g3 Re3+ 43. Kg2 Re2+ 44. Kf1 Rf2+ 45. Ke1 Ra2 46. Na4 Ra3 47. c5 Rxb3 48. a7 Re3+ 49. Kd2 Re8 50. Nb6 b3 51. a8Q b2 52. Qa2 Re3 53. Rc7 1-0

[Event "King's Island op"]
[Site "King's Island"]
[Date "2006.11.12"]
[Round "5"]
[White "Bereolos, Peter"]
[Black "Wilson, Russell"]
[Result "1/2-1/2"]
[WhiteElo "2310"]
[BlackElo "2184"]
[PlyCount "30"]
[EventDate "2006.11.10"]
[EventType "swiss"]
[EventRounds "5"]
[EventCountry "USA"]
[SourceTitle "CBM 115 Extra"]
[Source "ChessBase"]
[SourceDate "2007.01.10"]
[SourceVersion "1"]
[SourceVersionDate "2007.01.10"]
[SourceQuality "1"]

1. d4 Nf6 2. c4 e6 3. Nc3 Bb4 4. g3 0-0 5. Bg2 c5 6. Nf3 d6 7. 0-0 Nc6 8. a3 Bxc3 9. bxc3 Qe7 10. d5 Na5 11. Qd3 e5 12. e4 Nb3 13. Ra2 Nxc1 14. Rxc1 g6 15. Nd2 Nh5 1/2-1/2

[Event "King's Island op"]
[Site "King's Island"]
[Date "2006.11.11"]
[Round "2"]
[White "Homa, Seth"]
[Black "Bereolos, Peter"]
[Result "1/2-1/2"]
[WhiteElo "2210"]
[BlackElo "2310"]
[PlyCount "109"]
[EventDate "2006.11.10"]
[EventType "swiss"]
[EventRounds "5"]
[EventCountry "USA"]
[SourceTitle "CBM 115 Extra"]
[Source "ChessBase"]
[SourceDate "2007.01.10"]
[SourceVersion "1"]
[SourceVersionDate "2007.01.10"]
[SourceQuality "1"]

1. e4 e5 2. Nf3 Nc6 3. Bb5 a6 4. Ba4 Nf6 5. 0-0 Be7 6. d3 b5 7. Bb3 d6 8. c3 0-0 9. Nbd2 Na5 10. Bc2 c5 11. Re1 Re8 12. Nf1 Bf8 13. a3 h6 14. b4 Nc6 15. Bd2 g6 16. Bb3 Be6 17. Ne3 Bxb3 18. Qxb3 Qc7 19. Rec1 Rad8 20. a4 cxb4 21. cxb4 Qb7 22. Nd5 Nxd5 23. Qxd5 Rc8 24. Ra2 Qd7 25. Rac2 Na7 26. axb5 Rxc2 27. Rxc2 Qxb5 28. Qxb5 Nxb5 29. Rc6 Ra8 30. g4 Bg7 31. Rb6 Kf8 32. Be3 Ke8 33. Nd2 Kd7 34. Rb7+ Ke6 35. Nc4 Rd8 36. Nb6 Bf8 37. Nd5 f5 38. Bb6 Rc8 39. gxf5+ gxf5 40. Ne3 fxe4 41. dxe4 Nc3 42. f3 d5 43. exd5+ Nxd5 44. Nxd5 Kxd5 45. Bf2 Rc1+ 46. Kg2 Rc2 47. Kg1 e4 48. fxe4+ Kxe4 49. Rb6 Ra2 50. Bc5 Bg7 51. Rg6 Be5 52. Rxh6 Kf3 53. Rh3+ Kg4 54. Rh7 Kf3 55. Rh3+ 1/2-1/2

[Event "USA tt"]
[Site "ICC INT"]
[Date "2006.10.04"]
[Round "6"]
[White "Bereolos, Peter"]
[Black "Schneider, Igor"]
[Result "1/2-1/2"]
[WhiteElo "2294"]
[BlackElo "2367"]
[PlyCount "100"]
[EventDate "2006.08.30"]
[EventType "team-tourn"]
[EventRounds "10"]
[EventCountry "USA"]
[SourceTitle "CBM 114 Extra"]
[Source "ChessBase"]
[SourceDate "2006.11.03"]
[SourceVersion "1"]
[SourceVersionDate "2006.11.03"]
[SourceQuality "1"]
[WhiteTeam "Tennessee Tempo"]
[BlackTeam "Dallas Destiny"]
[WhiteTeamCountry "USA"]
[BlackTeamCountry "USA"]

1. d4 d5 2. c4 e6 3. Nc3 c6 4. e4 dxe4 5. Nxe4 Bb4+ 6. Bd2 Qxd4 7. Bxb4 Qxe4+ 8. Be2 Na6 9. Bc3 Ne7 10. Bxg7 Rg8 11. Bc3 Qxg2 12. Qd2 Qg5 13. Nf3 Qxd2+ 14. Nxd2 Nc5 15. b4 Na4 16. Be5 Ng6 17. Rg1 f5 18. 0-0-0 c5 19. b5 Bd7 20. Bh5 Ke7 21. Bxg6 Rxg6 22. Rxg6 hxg6 23. Rg1 Be8 24. Kc2 a6 25. bxa6 Rxa6 26. f4 Nb6 27. Kb3 Nd7 28. Bc3 Rd6 29. Kc2 Nf6 30. h3 b5 31. cxb5 Bxb5 32. Rxg6 Nd5 33. Be5 Nb4+ 34. Kd1 Rd3 35. Rg7+ Kf8 36. Rh7 Rg3 37. Rh8+ Kf7 38. Rh7+ Ke8 39. Nb3 Rg1+ 40. Kd2 Rg2+ 41. Kd1 Rxa2 42. Nxc5 Be2+ 43. Ke1 Nd3+ 44. Nxd3 Bxd3 45. Rh8+ Kd7 46. Rh7+ Kc6 47. h4 Kd5 48. Re7 Re2+ 49. Kd1 Rh2 50. Bf6 Be4 1/2-1/2

[Event "USA tt"]
[Site "ICC INT"]
[Date "2006.09.27"]
[Round "5"]
[White "Bereolos, Peter"]
[Black "McCambridge, Vincent"]
[Result "0-1"]
[WhiteElo "2294"]
[BlackElo "2459"]
[PlyCount "108"]
[EventDate "2006.08.30"]
[EventType "team-tourn"]
[EventRounds "10"]
[EventCountry "USA"]
[SourceTitle "CBM 114 Extra"]
[Source "ChessBase"]
[SourceDate "2006.11.03"]
[SourceVersion "1"]
[SourceVersionDate "2006.11.03"]
[SourceQuality "1"]
[WhiteTeam "Tennessee Tempo"]
[BlackTeam "San Francisco"]
[WhiteTeamCountry "USA"]
[BlackTeamCountry "USA"]

1. d4 e6 2. c4 Bb4+ 3. Nc3 f5 4. g4 fxg4 5. Bf4 Nf6 6. h3 g3 7. Bxg3 Ne4 8. Qd3 d5 9. Be5 0-0 10. Nf3 Nc6 11. Rh2 Nxe5 12. dxe5 c6 13. Nd2 Nxd2 14. Qxd2 b5 15. cxb5 cxb5 16. 0-0-0 Bd7 17. Kb1 Be8 18. e3 Rc8 19. Rc1 Bxc3 20. Rxc3 Rxc3 21. Qxc3 Bg6+ 22. Ka1 Qb8 23. a3 Rc8 24. Qe1 Rc2 25. Rh1 b4 26. Qxb4 Qxb4 27. axb4 Be4 28. f3 Bxf3 29. Bd3 Rd2 30. Rf1 Bg2 31. Rg1 Rxd3 32. Rxg2 Rxe3 33. Rc2 Rxe5 34. Rc8+ Kf7 35. Rc7+ Kf6 36. Rxa7 d4 37. Kb1 Rb5 38. Ra4 e5 39. Kc2 e4 40. Kb3 e3 41. Kc4 Rb8 42. Kxd4 e2 43. Ra1 Rxb4+ 44. Kc3 Rh4 45. Re1 Rxh3+ 46. Kd4 Rh4+ 47. Kd5 Rh5+ 48. Kc4 Re5 49. b4 Ke6 50. b5 Kd6 51. Kd4 Re8 52. Kc4 Kc7 53. Kd3 Kb6 54. Kd2 g5 0-1

[Event "Schaumburg GM-B"]
[Site "Schaumburg"]
[Date "2006.04.20"]
[Round "5"]
[White "Bereolos, Peter"]
[Black "Kopec, Danny"]
[Result "1-0"]
[WhiteElo "2303"]
[BlackElo "2362"]
[PlyCount "63"]
[EventDate "2006.04.18"]
[EventType "tourn"]
[EventRounds "9"]
[EventCountry "USA"]
[EventCategory "7"]
[SourceTitle "CBM 111 Extra"]
[Source "ChessBase"]
[SourceDate "2006.05.09"]
[SourceVersion "1"]
[SourceVersionDate "2006.05.09"]
[SourceQuality "1"]

1. d4 d5 2. c4 dxc4 3. Nf3 Nf6 4. e3 a6 5. Bxc4 b5 6. Bd3 Bb7 7. 0-0 Nbd7 8. a4 b4 9. a5 e6 10. Qe2 c5 11. Rd1 Qc7 12. Nbd2 Be7 13. e4 cxd4 14. e5 Nd5 15. Nb3 Nc5 16. Nxc5 Bxc5 17. Bd2 h6 18. Rdc1 Qe7 19. Bb5+ Kf8 20. Bd3 g5 21. Rc4 Kg7 22. Nxd4 Rad8 23. Nb3 Ba7 24. h4 gxh4 25. Qh5 f5 26. Rxh4 f4 27. Bxf4 Qxh4 28. Qxh4 Rdf8 29. Bxh6+ Kf7 30. Qh5+ Ke7 31. Bxf8+ Rxf8 32. Qg5+ 1-0

[Event "Schaumburg GM-B"]
[Site "Schaumburg"]
[Date "2006.04.18"]
[Round "1"]
[White "Goletiani, Rusudan"]
[Black "Bereolos, Peter"]
[Result "1-0"]
[WhiteElo "2371"]
[BlackElo "2303"]
[PlyCount "121"]
[EventDate "2006.04.18"]
[EventType "tourn"]
[EventRounds "9"]
[EventCountry "USA"]
[EventCategory "7"]
[SourceTitle "CBM 111 Extra"]
[Source "ChessBase"]
[SourceDate "2006.05.09"]
[SourceVersion "1"]
[SourceVersionDate "2006.05.09"]
[SourceQuality "1"]

1. Nf3 Nf6 2. c4 g6 3. Nc3 Bg7 4. e4 d6 5. d4 0-0 6. Be2 e5 7. 0-0 Na6 8. Re1 c6 9. Bf1 exd4 10. Nxd4 Ng4 11. h3 Qb6 12. hxg4 Qxd4 13. Qe2 Qe5 14. Bd2 Qe7 15. Rad1 Qh4 16. Bf4 Be5 17. Bxe5 dxe5 18. f3 Nc5 19. Qe3 Ne6 20. Ne2 Qe7 21. g3 a5 22. Bg2 Qc5 23. Qxc5 Nxc5 24. Nc3 Be6 25. Bf1 Rfd8 26. Kf2 Rd4 27. Rxd4 exd4 28. Nb1 Nd7 29. e5 a4 30. Nd2 Ra6 31. Bd3 Rb6 32. b3 axb3 33. Nxb3 c5 34. Re2 Rb4 35. Na5 Kf8 36. g5 Ke8 37. f4 Kd8 38. a3 Rb6 39. Be4 Kc7 40. Rc2 Rb1 41. Ra2 Rb6 42. Kf3 Ra6 43. Nxb7 Bxc4 44. Ra1 Rb6 45. Rc1 Rb3+ 46. Kf2 Rc3 47. Rxc3 dxc3 48. Ke3 Ba6 49. Nd6 Nb6 50. Bd3 Nd5+ 51. Ke4 c4 52. Bc2 Ne7 53. Kd4 Nc6+ 54. Kxc3 Nd8 55. Be4 Kb6 56. Nxc4+ Kc5 57. Nd6 Be2 58. Bc2 Bg4 59. Ne4+ Kb5 60. Nf6 Be6 61. Nxh7 1-0